The Church and the Two Nations in Medieval Ireland : (Record no. 603539)

MARC details
000 -LEADER
fixed length control field 00528nam a2200193 a 4500
008 - FIXED-LENGTH DATA ELEMENTS--GENERAL INFORMATION
fixed length control field 251221s2005##################000#0#eng##
020 ## - INTERNATIONAL STANDARD BOOK NUMBER
ISBN 9780521619196
082 04 - DEWEY DECIMAL CLASSIFICATION NUMBER
Classification number 262.9415
Item number WAT
100 1# - MAIN ENTRY--AUTHOR NAME
Personal name Watt, J. A.,
245 10 - TITLE STATEMENT
Title The Church and the Two Nations in Medieval Ireland :
260 ## - PUBLICATION, DISTRIBUTION, ETC. (IMPRINT)
Name of publisher Cambridge University Press,
Year of publication 2005.
300 ## - PHYSICAL DESCRIPTION
Number of Pages 272 pages
650 #0 - SUBJECT ADDED ENTRY--TOPICAL TERM
Topical Term History.
942 ## - ADDED ENTRY ELEMENTS (KOHA)
Koha item type English Books
Holdings
Withdrawn status Lost status Damaged status Not for loan Home library Current library Shelving location Date acquired Full call number Accession Number Price effective from Koha item type
        Anna Centenary Library Anna Centenary Library 3RD FLOOR, B WING 22.12.2025 262.9415 WAT 236739 22.12.2025 English Books

Find us on the map